| 000 | 00888nas a2200289 4500 | ||
|---|---|---|---|
| 001 | BR0806125 | ||
| 003 | BR-BrBNA | ||
| 005 | 20231205112104.0 | ||
| 007 | ta | ||
| 008 | 230509b bl.|||p| |||| 00| 00por d | ||
| 040 |
_aBR-BrBNA _bpor _cBiblioteca Nacional de Agricultura |
||
| 041 | _a(Pt) | ||
| 072 | _aL53; L70 | ||
| 100 | 1 | _aMassuqueto, S. | |
| 100 | 1 | _aPereira, I. do R. | |
| 100 | 1 | _aCoeli, C.R.V.R. | |
| 100 | 1 | _aSegui, M.S. | |
| 100 | 1 | _aFerrari, M.A. | |
| 245 | 1 | _aLaserterapia de baixa potência na reversão do anestro puerperal em vaca em amamentação | |
| 650 | _aVACA | ||
| 650 | _aOVÁRIO | ||
| 650 | _aCICLO ESTRAL | ||
| 650 | _aVETERINÁRIA | ||
| 773 | 0 |
_tRevista Acadêmica.Ciências Agrárias e Ambientais (Brazil) _xISSN 0103-989X _g(Jul-Sep 2007), v. 5(3) p. 277-284 _wBR0806125 |
|
| 909 |
_a202311 _bLúcia _c55 _dLúcia Elande |
||
| 942 |
_2AGRIS _n0 _cANA |
||
| 999 |
_c196034 _d196034 |
||